000
00225nam a22000857a 4500
999
_c
2970
_d
2970
008
190304b ||||| |||| 00| 0 eng d
100
_a
Olson, Ross
245
_a
Sweden stamp color guide (Fragskalan)
650
_a
Sweden; color guide